<?xml version="1.0" encoding="UTF-8"?>
<record
    xmlns:xsi="http://www.w3.org/2001/XMLSchema-instance"
    xsi:schemaLocation="http://www.loc.gov/MARC21/slim http://www.loc.gov/standards/marcxml/schema/MARC21slim.xsd"
    xmlns="http://www.loc.gov/MARC21/slim">

  <leader>00899nam a2200301 a 4500</leader>
  <datafield tag="999" ind1=" " ind2=" ">
    <subfield code="c">23929</subfield>
    <subfield code="d">23929</subfield>
  </datafield>
  <controlfield tag="001">vtls001075290</controlfield>
  <controlfield tag="005">20250926081952.0</controlfield>
  <controlfield tag="008">250414s1993    xo               0  slo  </controlfield>
  <datafield tag="020" ind1=" " ind2=" ">
    <subfield code="a">8085658038</subfield>
  </datafield>
  <datafield tag="035" ind1=" " ind2=" ">
    <subfield code="a">SNK000018122</subfield>
  </datafield>
  <datafield tag="040" ind1=" " ind2=" ">
    <subfield code="a">SNK</subfield>
    <subfield code="b">slo</subfield>
    <subfield code="c">SNK</subfield>
    <subfield code="e">AACR2</subfield>
  </datafield>
  <datafield tag="041" ind1="0" ind2=" ">
    <subfield code="a">slo</subfield>
  </datafield>
  <datafield tag="044" ind1=" " ind2=" ">
    <subfield code="a">xo</subfield>
    <subfield code="c">SK</subfield>
  </datafield>
  <datafield tag="080" ind1=" " ind2=" ">
    <subfield code="a">37.018:26(035)</subfield>
    <subfield code="2">1981</subfield>
  </datafield>
  <datafield tag="080" ind1=" " ind2=" ">
    <subfield code="a">26</subfield>
    <subfield code="2">1981</subfield>
  </datafield>
  <datafield tag="100" ind1="1" ind2=" ">
    <subfield code="a">Prv&#xE1;, Eva</subfield>
    <subfield code="4">aut</subfield>
    <subfield code="9">77</subfield>
  </datafield>
  <datafield tag="245" ind1="1" ind2="0">
    <subfield code="a">Besedy s rodi&#x10D;mi</subfield>
    <subfield code="c">Eva Prv&#xE1; ; Graf. &#xFA;pr. Em&#xED;lia Chl&#xFA;stikov&#xE1;</subfield>
  </datafield>
  <datafield tag="250" ind1=" " ind2=" ">
    <subfield code="a">1. vyd.</subfield>
  </datafield>
  <datafield tag="260" ind1=" " ind2=" ">
    <subfield code="a">Nitra</subfield>
    <subfield code="b">RODINA</subfield>
    <subfield code="a">[Nitra]</subfield>
    <subfield code="b">Mari&#xE1;n Koln&#xED;k [vyd.]</subfield>
    <subfield code="c">1993</subfield>
    <subfield code="e">Bratislava</subfield>
    <subfield code="f">Danubiaprint</subfield>
  </datafield>
  <datafield tag="300" ind1=" " ind2=" ">
    <subfield code="a">222 s.</subfield>
    <subfield code="b">Fotogr., lit. 6 z&#xE1;zn. v &#x10D;e&#x161;. a slov.</subfield>
    <subfield code="c">21 cm</subfield>
  </datafield>
  <datafield tag="490" ind1="0" ind2=" ">
    <subfield code="a">Pro Veritate</subfield>
  </datafield>
  <datafield tag="700" ind1="1" ind2=" ">
    <subfield code="a">Chl&#xFA;stikov&#xE1;, Em&#xED;lia</subfield>
    <subfield code="4">bkd</subfield>
    <subfield code="9">4833</subfield>
  </datafield>
  <datafield tag="958" ind1=" " ind2=" ">
    <subfield code="a">APR</subfield>
  </datafield>
  <datafield tag="958" ind1=" " ind2=" ">
    <subfield code="a">TL</subfield>
  </datafield>
  <datafield tag="958" ind1=" " ind2=" ">
    <subfield code="a">NB</subfield>
  </datafield>
  <datafield tag="952" ind1=" " ind2=" ">
    <subfield code="0">0</subfield>
    <subfield code="1">0</subfield>
    <subfield code="2">udc</subfield>
    <subfield code="4">0</subfield>
    <subfield code="7">0</subfield>
    <subfield code="8">D</subfield>
    <subfield code="a">10000</subfield>
    <subfield code="b">10000</subfield>
    <subfield code="d">2025-09-26</subfield>
    <subfield code="i">22285</subfield>
    <subfield code="o">S1583</subfield>
    <subfield code="p">S1583</subfield>
    <subfield code="r">2025-09-26</subfield>
    <subfield code="w">2025-09-26</subfield>
    <subfield code="y">OLDO</subfield>
  </datafield>
</record>
